[Event "RUS-ch 72nd"]
[Site "Izhevsk"]
[Date "2019.08.11"]
[Round "2"]
[White "Motylev, Alexander"]
[Black "Predke, Alexandr"]
[Result "1-0"]
[WhiteElo "2668"]
[BlackElo "2650"]
[Annotator "Krasenkow,M"]
[PlyCount "165"]
[EventDate "2019.08.10"]
[EventType "tourn"]
[EventRounds "11"]
[EventCountry "RUS"]
[EventCategory "18"]
[SourceTitle "CBM 192"]
[Source "ChessBase"]
[SourceDate "2019.10.31"]
[SourceVersion "1"]
[SourceVersionDate "2019.10.31"]
[SourceQuality "1"]

{[%evp 0,165,17,23,36,10,8,13,10,10,22,6,6,1,-14,1,1,5,2,-6,10,-1,16,15,7,11,
18,-10,48,51,29,19,27,31,40,54,54,26,39,21,38,28,46,46,46,46,42,51,54,54,54,52,
47,50,34,39,66,63,56,62,56,56,57,25,27,21,49,28,101,90,93,40,77,52,100,100,100,
100,108,106,142,142,134,148,134,113,134,100,105,100,100,105,98,81,90,63,70,74,
99,73,117,86,112,154,163,160,172,159,160,177,175,168,171,174,201,201,201,201,
201,169,164,173,169,145,169,137,112,133,140,133,140,133,134,132,134,134,134,
132,134,134,134,134,134,127,134,134,134,91,132,134,184,188,200,149,146,157,148,
134,134,102,103,96,120,126,146,146,146,154]} 1. e4 e5 2. Nf3 Nc6 3. Bb5 Nf6 4.
d3 d6 5. O-O Be7 6. Re1 O-O 7. h3 (7. c3 {is the most popular move here.}) 7...
a6 {Black uses the opportunity to force the exchange of White's bishop.} ({
In case of} 7... Bd7 {White can play} 8. c3 {after all.}) 8. Bxc6 (8. Ba4 b5 9.
Bb3 Na5) 8... bxc6 9. d4 exd4 (9... Nd7 $6 {is risky as Black's pawn structure
gets compromised:} 10. dxe5 Nxe5 11. Nxe5 dxe5 12. Be3 (12. Qe2 $5 $14) 12...
f5 13. Qxd8 Rxd8 14. exf5 Bxf5 15. Nd2 Bxc2 16. Rec1 Bd3 17. Rxc6 Bd6 18. f3
Rab8 19. b3 Bb5 20. Rc2 Bd3 21. Rc6 Bb5 22. Rc2 Bd3 {1/2 (22) Harikrishna,P 
(2729)-Naiditsch,A (2736) Hungary 2019}) 10. Nxd4 Bd7 11. Nc3 Re8 12. Bf4 h6
13. Qd3 Nh7 (13... Bf8 {is more consistent.}) 14. e5 (14. Bg3 $5 {[%cal Yf2f4]}
) 14... Ng5 $6 {This move is inaccurate.} (14... d5 {is possible but then
White can play} 15. e6 fxe6 16. Nxe6 Bxe6 17. Rxe6 Bd6 18. Rxe8+ Qxe8 19. Bxd6
cxd6 20. Ne2 $14 {keeping a small edge due to his better pawn structure.}) (
14... Nf8 $5 {[%cal Yf8g6,Yf8e6] is probably the most appropriate.}) 15. Qg3 $1
{[%cal Re5d6,Rh3h4][%mdl 64] Black suddenly gets into trouble.} c5 {Weakening
the d5 square, which is a serious concession.} (15... d5 {is too late as White
wins a pawn after} 16. h4 Ne6 17. Nxe6 Bxe6 18. Bxh6) (15... Bf8 $5 {is tricky
but here, too, White gets an advantage by means of} 16. exd6 $1 ({but not} 16.
h4 Ne6 17. Nxe6 Rxe6) 16... Rxe1+ 17. Rxe1 cxd6 18. Bxd6 ({or} 18. h4 Ne6 19.
Nxe6 Bxe6 20. Bxh6 {- Black has some compensation for the pawn due to his
bishop pair but it is insufficient for equality}) 18... Bxh3 (18... Bxd6 $2 19.
Qxd6 Bxh3 20. Qxd8+ Rxd8 21. Nxc6) 19. Bxf8 Qxd4 $1 20. Rd1 $1 Qg4 21. Bxg7 $1
Kxg7 (21... Qxg3 22. fxg3 Bg4 23. Rd4) 22. gxh3 Qxh3 23. Qxh3 Nxh3+ 24. Kf1 $16
{- the endgame is clearly better for White, his rook is ready to attack
Black's weak pawns.}) 16. Nb3 Bf5 17. Nd5 $1 (17. h4 $2 {doesn't work here due
to} Ne6 18. Bxh6 Bxh4) 17... Bxc2 18. exd6 cxd6 19. Bxg5 (19. Re2 $142 $1 Bf5 (
19... Bxb3 20. axb3 $16 {[%csl Gd5]}) 20. Rae1 Ne6 (20... Be6 21. Nxe7+ Rxe7
22. h4 Nh7 23. Bxd6 $18) 21. Bxh6 Bh4 22. Qf3 Bg6 23. Bd2 $16) 19... hxg5 20.
Na5 (20. Re2 $5 {was still possible although less clear than on the previous
move:} Bf5 (20... Bxb3 21. axb3 $16) 21. Na5 $5 Bf6 $1 22. Rxe8+ Qxe8 23. Nxf6+
gxf6 24. Qxd6 Kg7 25. Qxc5 Be6 {[%cal Ya8c8] - White's knight is out of play,
and Black keeps good drawing chances.}) 20... Rc8 $6 (20... Qxa5 {was quite
possible:} 21. Nxe7+ Kf8 22. Qxd6 Rad8 23. Ng6+ Kg8 24. Rxe8+ Rxe8 25. Ne7+ Kh8
$14) (20... Bf6 $5 {was probably even better:} 21. Rxe8+ (21. Nc4 $5) 21...
Qxe8 22. Nxf6+ (22. Nc7 $2 Qe2 23. Nxa8 Bxb2 24. Rf1 Bd3 $19) (22. Rc1 Qb5 $1)
22... gxf6 $13 23. Rc1 $140 (23. Qxd6 Qb5) 23... Qb5 $1) 21. Nb7 (21. Qg4 $142
$1 {[%cal Ra5b7,Rd5e7]} Bf6 $8 22. Nb7 $1 Rxe1+ 23. Rxe1 Qf8 24. Qd7 $16 {
, and White obtains a favorable N vs B endgame, e.g.} c4 (24... Kh7 $6 25.
Nxf6+ gxf6 26. Re7) 25. Nxf6+ gxf6 26. Nxd6 Rd8 27. Qxd8 Qxd8 28. Re8+ Qxe8 29.
Nxe8 f5 30. f4 $1 gxf4 31. Nf6+ Kg7 32. Nh5+ {, and White should win.}) 21...
Qd7 22. Rxe7 Rxe7 23. Qxd6 Qxd6 24. Nxd6 Rce8 (24... Rcc7 25. Rc1 Bd3 26. b3
$14) 25. Nxe8 Rxe8 $14 {[%mdl 4096] White has a superior pawn structure but
that advantage is hardly enough to win.} 26. Ne3 Bd3 27. b3 Re5 28. Rd1 Bb5 29.
Rd8+ Kh7 30. a4 Bc6 31. Rd6 Re6 32. Rd3 f5 33. f3 f4 (33... Re5 $1 34. Kf2 (34.
Rd6 Bxa4 35. Nc4 Re1+ 36. Kf2 Rc1) 34... f4 35. Nc4 Rd5 36. Rc3 Kg6 {, and
Black should not lose.}) 34. Nc4 {[%csl Re6]} Re1+ {Otherwise, after Kg1-f2,
Black's rook remains passive.} 35. Kf2 Rc1 36. Ne5 c4 (36... Be8 37. Rd8 Bh5
38. Ra8 Rc2+ (38... Rc3 39. Nd7 Rxb3 $140 40. Nf8+ Kg8 41. Ne6+ Kf7 42. Nxc5)
39. Kg1 Rc1+ 40. Kh2 Rc2 (40... Rc3 41. Nd7) 41. Rxa6 Re2 42. Ng4 $16) 37. bxc4
Bxa4 38. Ra3 Rc2+ 39. Kf1 Rc1+ (39... Be8 $142 40. Rxa6 Kg8 {keeping White's
king cut off along the 2nd rank. However, White doesn't exploit Black's
mistake.}) 40. Ke2 Be8 41. Rxa6 Rc2+ 42. Kf1 (42. Kd3 $1 Rxg2 43. Ke4 Rg3 (
43... g6 44. Ra8 {[%csl Re8]}) 44. Kf5 Rxh3 45. Kxg5 $18) 42... Rc1+ (42... Kg8
43. Ra8 Kf8) 43. Kf2 (43. Ke2 $1 Rc2+ 44. Kd3) 43... Rc2+ 44. Kg1 Kg8 45. Ra1
Kf8 46. Re1 Ba4 47. Kh2 Ke7 48. Re4 Ra2 $2 {Unnecessarily removing his rook
from an active position.} (48... Kf6 $5 49. Ng4+ Kg6 50. h4 Kh5 51. hxg5 Kxg5 {
keeping some drawing chances}) 49. h4 $1 (49. c5 Bb5 50. c6 Kd6) 49... gxh4 (
49... Kf6 50. c5 Bb5 51. Ng4+ Kg6 52. c6 Rc2 53. Re5 Bxc6 54. Rxg5+ Kh7 55. Ne5
Bb7 (55... Bd5 56. Rf5) 56. Rg4 Re2 57. Nf7 $18) 50. Nd3+ Kd8 51. Rxf4 g5 52.
Rg4 h3 53. Rxg5 hxg2 54. Rxg2 {Two extra pawns are a decisive material
advantage. Still, White must overcome some technical problems.} Ra3 55. Rd2 Ke7
56. Kg3 Rc3 57. Ne5 Bb3 58. Kf4 Ke6 (58... Bxc4 59. Rd7+ Ke6 60. Rc7 $18) 59.
Rd4 Rc2 60. Re4 Rc3 61. Ng4+ Kd6 62. Ne3 Ba2 63. Rd4+ Ke6 64. Rd8 Bb1 65. Re8+
Kd6 66. Rd8+ Ke6 67. Rb8 Bd3 68. Rb6+ Kd7 69. Rb4 Kd6 70. Ra4 Rc1 $6 {Black
voluntarily worsens the position of his own rook once again.} (70... Kc5 {
was more stubborn}) 71. Ra8 (71. Ra6+ Kc5 72. Ra5+ Kc6 73. Ke5 Bxc4 74. Nxc4
Rxc4 75. Ra7 $18) 71... Kd7 (71... Rc3 $1) 72. Ra5 Kc6 73. Re5 (73. Ke5 $1 {
was very strong as the rook endgame after} Bxc4 74. Nxc4 Rxc4 75. Ra7 $1 {
is winning for White.}) 73... Be2 (73... Bxc4 74. Nxc4 Rxc4+ 75. Kf5 Kd6 76. f4
Rc8 77. Kg6 Rf8 78. Re4 Kd5 79. Ra4 $18) (73... Rc3 $142 $1) 74. Re4 Kc5 (74...
Bd3 $142 75. Rd4 Rc3) 75. Re8 Kc6 76. Kg3 Bd3 77. Rd8 Rc3 78. Nd5 Rb3 79. Nb4+
Rxb4 80. Rxd3 Rxc4 81. f4 Re4 82. Kg4 Re8 83. f5 1-0

[Event "RUS-ch 72nd"]
[Site "Izhevsk"]
[Date "2019.08.14"]
[Round "4"]
[White "Matlakov, Maxim"]
[Black "Dreev, Alexey"]
[Result "1-0"]
[WhiteElo "2710"]
[BlackElo "2662"]
[Annotator "Matlakov,M"]
[PlyCount "119"]
[EventDate "2019.08.10"]
[EventType "tourn"]
[EventRounds "11"]
[EventCountry "RUS"]
[EventCategory "18"]
[SourceTitle "CBM 192"]
[Source "ChessBase"]
[SourceDate "2019.10.31"]
[SourceVersion "1"]
[SourceVersionDate "2019.10.31"]
[SourceQuality "1"]

1. d4 d5 2. c4 c6 3. Nf3 Nf6 4. Nc3 e6 5. e3 Nbd7 6. Bd3 dxc4 7. Bxc4 b5 8. Bd3
b4 {Another of Aleksey's favorite lines is 8...Bd6. The move in the game is
quite forcing and concrete, and practice shows that it's not easy to pose
problems to Black.} 9. Ne4 Nxe4 10. Bxe4 Bb7 11. Nd2 ({The main tabia comes
about after} 11. O-O Bd6 12. a3 bxa3 13. b3 (13. Nd2 O-O 14. b3 Qc7 15. Bxa3
Bxh2+ 16. Kh1 Bd6 17. Bxd6 Qxd6 18. Nc4 $44 {1/2 (43) Oparin,G (2543)-Dreev,A 
(2649) Moscow 2014}) 13... Nf6 14. Nd2 Nxe4 15. Nxe4 Bxh2+ 16. Kxh2 Qh4+ 17.
Kg1 Qxe4 18. f3 Qg6 19. Bxa3 h5 $13 {1/2 (28) Anand,V (2783)-Leko,P (2751)
Miskolc 2009 CBM 130 Extra [Meszaros/Berkes]}) 11... Rc8 $1 {The most exact
move order, but it cost Aleksey 15 minutes to remember his analyses. I've
never played this Meran line before, so perhaps the effect of surprise worked
well. Black has a huge choice of continuations, but everywhere White is able
to maintain the initiative:} (11... Bd6 12. Nc4 $14) (11... Be7 12. b3 O-O 13.
O-O Qc7 (13... Nf6 $5 14. Bf3 Nd5 15. Bb2 c5 16. Ne4 {with initiative.}) 14.
Bb2 c5 15. Rc1 Rac8 16. Qf3 $36) (11... Qc7 $5 12. b3 c5 13. O-O $1 {Very
principal and critical.} ({less exact is} 13. Bb2 Bxe4 14. Nxe4 c4 $1 15. bxc4
Qxc4 $11 {1-0 (50) Wojtaszek,R (2727)-Vaibhav,S (2597) Douglas 2018}) 13...
cxd4 $5 ({not good here is} 13... Bxe4 $6 14. Nxe4 c4 15. bxc4 Qxc4 16. Bb2 $16
{and compared with Vaibhav's game above, White managed to castle.}) 14. Bb2 $1
Be7 (14... dxe3 $2 15. fxe3 $16) (14... Bxe4 15. Nxe4 Rd8 16. Rc1 Qb8 17. f4 $1
dxe3 18. Qe2 $36 {with a strong attack}) 15. Rc1 Qb8 16. Bxb7 Qxb7 17. Nc4 O-O
(17... dxe3 $6 18. Nd6+ Bxd6 19. Qxd6 exf2+ 20. Rxf2 Rc8 21. Rxc8+ Qxc8 22.
Qxb4 $16) 18. Na5 $1 Qd5 19. Qxd4 Qxd4 20. Bxd4 {with a pleasant endgame.}) 12.
b3 ({Nothing is yielded by the natural} 12. O-O Ba6 13. Re1 Be7 14. a3 Bb5 $1
15. axb4 Bxb4 16. Rxa7 O-O {Next c5 - Black is completely fine.}) 12... Ba6 13.
Nc4 c5 14. O-O Nf6 15. Bd3 cxd4 16. exd4 Be7 (16... Qxd4 $5 17. Bb2 Qd5 18. Qe2
$44) 17. a3 bxa3 18. Bxa3 Bxa3 19. Rxa3 Bxc4 20. Bxc4 Qd7 $6 {The first step
to difficulties. I analysed this position before the game and, surprisingly,
despite it seems harmless, Black still needs to make a few precise moves.} ({
For instance, the first Stockfish line} 20... O-O $1 {from a human point is
far from obvious:} 21. Rxa7 Qd6 22. Qd3 Rfd8 23. Rd1 Qb6 24. Ra6 Qb7 {and it
looks like White has a healthy extra pawn, but due to his good coordination of
pieces, Black position is not even worse. The move in the game seems natural
and to be leading to equality at once, but...}) 21. Qa1 Rc7 22. d5 $1 {That's
the point! Now the position becomes very sharp and White gets a strong clear
initiative.} exd5 23. Re1+ Kd8 $1 {The best.} ({Losing is} 23... Kf8 $2 24. Bd3
h5 25. Qd4 Rh6 (25... Kg8 26. Rea1 $18) 26. Qb4+ $1 Kg8 27. Rxa7 $18) 24. Rd1
Re8 25. Ra5 $1 ({Unfortunately,} 25. Bxd5 $2 {doesn't work due to} Nxd5 26. Ra5
Nc3 $1 $11) 25... Re6 26. h3 Rd6 27. Bf1 $6 {The wrong decision. At that
moment I spent a lot of time. I understood that I had a strong initiative and
needed to find the exact solution to maintain it, but couldn't find a concrete
way - by transferring the rook to d6 Black has consolidated and defended
against direct threats.} ({For instance, nothing is yielded by} 27. Bb5 Qe7 28.
Re1 Re6 $11) ({or} 27. Qd4 Qe7 28. Bxd5 Rcd7 29. Qb4 Rb6 30. Qd4 Rbd6 $11) ({
Of course I saw the right idea} 27. Bd3 $1 {with a strong threat - the idea g4
followed by Bf5! It required accurate calculation, but with bishop on d3 I was
bothered by different sacrifices with ...Nxg4, however, a brief analysis shows
that it is an illusion and White gets a huge advantage. After the logical} h6 (
27... Rb6 28. g4 $1 {and now} Nxg4 $2 {is not working due to} 29. Bf5 $1 Qxf5
30. Raxd5+ $18) (27... Qe7 28. Bf5 $1 $16 {taking the key e6 square}) 28. g4
Rb6 ({the nice looking} 28... Nxg4 {loses to} 29. Re1 $3 {- a superhuman
refutation!} Nf6 30. Bb5 Qxh3 31. Qxf6+ $1 Rxf6 32. Re8#) 29. Bf5 Qd6 30. Rxa7
$16 {and White breaks the blockade.}) 27... h6 $5 28. Qd4 Qe7 29. f3 $5 {
The key moment of the game} Re6 $2 {A big blunder. Aleksey defended well and
there was only one move left to reach comfortable equality, but in this moment
time trouble made itself felt.} ({The easiest way to equalize was} 29... Ke8 $1
{transferring the king to the safe zone on the kingside. After} 30. b4 Kf8 31.
Rda1 Rb6 32. b5 Kg8 $11 {White still has compensation, but nothing more.}) 30.
Rxd5+ $1 Rd7 ({Losing immediately is} 30... Nxd5 31. Qxd5+ Rd7 32. Qa8+) 31.
Rxd7+ (31. Qxa7 $2 {looks tempting, but does not work:} Rxd5 32. Qb8+ Kd7 33.
Bb5+ Rc6 {and somehow Black holds.} 34. Qb7+ Kd8 35. Rxd5+ Nxd5 36. Qxc6 Qe1+
37. Kh2 Qe5+ $11) 31... Qxd7 32. Qa1 Rd6 33. Rxd6 Qxd6 34. Qxa7 {This position
should be technically winning. Further, Aleksey defended persistently and
stubbornly, but step by step I managed to convert the advantage} Nd7 35. Qe3
Nb6 ({Another plan was} 35... g5 {, controlling black squares and with the
idea to put the knight on e5.}) 36. Qe4 Qc5+ 37. Kh1 Qd6 38. Bb5 Qd1+ 39. Kh2
Qd6+ 40. f4 Nd5 41. g3 Qc5 42. Bc4 Ne3 $5 43. Bxf7 $1 Qc1 44. Qd3+ Kc7 45. Qe2
Kb6 46. b4 g5 47. fxg5 hxg5 48. Be8 Kc7 49. Bg6 Kd6 50. Bd3 Ke5 51. b5 Kd6 52.
Qf3 Qb2+ 53. Be2 Nf5 54. Kg1 Qe5 55. Kf2 Qc5+ 56. Kg2 Ke5 57. Qc6 Qa3 58. Qc7+
Kf6 59. Qd8+ Ke6 60. Bc4+ 1-0